01051nab a2200265 uc450000100070000000500170000700800410002403500110006503500210007604000130009704100080011010000420011824501280016026000160028865000500030465000240035465000300037865000600040870000460046870000540051470000520056877301360062094200100075699900190076649437020240313071139.0990812e19971201 spa  a494370 a(OCoLC)819803538 ccomduadb aspa10aPalacio C., Juan C.4auteaut927079510aEstandarizacion de la tecnica elisa en leche entera para la deteccion de anticuerpos contra el Herpesvirus Bovino-1 (HVB-1) aMedellín. aRinotraqueitis infecciosa bovina (IBR)958989 7aBovinos2dcs956897 aHerpesvirus bovino958917 aELISA (Ensayo inmunoabsorbente unido a enzimas)911379410aSaldarriaga C., Omar A.4auteaut931848710aArboleda Céspedes, Jhon Jairo4auteaut932708510aZuluaga Tobón, Fabio Nelson4auteaut93333570 tRevista Colombiana de Ciencias Pecuarias (Medellín)gVolumen 10, Número 02, Diciembre 1997, p. 95-99w315324x0120-06900107734 cARIMP c125785d125785